000 00486nam a22001577a 4500
999 _c9219
_d9219
008 210330b ||||| |||| 00| 0 eng d
040 _aBMS College of Architecture
100 _aR, Manjunath
245 _aCar production plant at Mysore road Bangalore
300 _aNA
500 _a1BM002AT012
502 _8B.Arch
_NBMS College of Architecture, Visvesvaraya Technological University
_aProject report
_d2006
650 _aMysore
700 _aRajan Sridhar
_eGuide
942 _2ddc
_cTHE